| 000 | 00401nam a2200157Ia 4500 | ||
|---|---|---|---|
| 008 | 240729s9999 xx 000 0 und d | ||
| 022 | _a2734-6382 | ||
| 245 | 0 | _aRomanian Journal of Cardiology | |
| 260 | _aPoland | ||
| 260 | _bSciendo | ||
| 650 | _a Internal medicine | ||
| 650 | _aMedicine | ||
| 856 | _uhttps://doaj.org/toc/6576f726f9d24f23b3b5ac562181be08 | ||
| 942 | _2ddc | ||
| 942 | _cDOAJEJ | ||
| 999 |
_c72828 _d72828 |
||
| 945 |
_a1 _bMadushi Gamage _c1 _dMadushi Gamage |
||